| 000 -LEADER |
| fixed length control field |
00753cam a2200253 a 4500 |
| 020 ## - INTERNATIONAL STANDARD BOOK NUMBER |
| ISBN |
0697353532 (acidfree paper) |
| 020 ## - INTERNATIONAL STANDARD BOOK NUMBER |
| ISBN |
9780697353535 (acidfree paper) |
| 020 ## - INTERNATIONAL STANDARD BOOK NUMBER |
| ISBN |
0071155112 (International ed.) |
| 020 ## - INTERNATIONAL STANDARD BOOK NUMBER |
| ISBN |
9780071155113 (International ed.) |
| 020 ## - INTERNATIONAL STANDARD BOOK NUMBER |
| ISBN |
0072356928 (textbook) |
| 020 ## - INTERNATIONAL STANDARD BOOK NUMBER |
| ISBN |
9780072356922 (textbook) |
| 020 ## - INTERNATIONAL STANDARD BOOK NUMBER |
| ISBN |
0697353540 (instructor's manual) |
| 020 ## - INTERNATIONAL STANDARD BOOK NUMBER |
| ISBN |
9780697353542 (instructor's manual) |
| 040 ## - CATALOGING SOURCE |
| Transcribing agency |
DLC |
| 082 00 - DEWEY DECIMAL CLASSIFICATION NUMBER |
| Classification number |
570 WCB 1999 A033 Or. |
| 100 1# - MAIN ENTRY--AUTHOR NAME |
| Personal name |
Raven, Peter H |
| 245 10 - TITLE STATEMENT |
| Title |
Biology / |
| 250 ## - EDITION STATEMENT |
| Edition statement |
5th ed |
| 260 ## - PUBLICATION, DISTRIBUTION, ETC. (IMPRINT) |
| Place of publication |
Boston : |
| Name of publisher |
WCB/McGraw-Hill, |
| Year of publication |
c1999 |
| 300 ## - PHYSICAL DESCRIPTION |
| Number of Pages |
xxviii, 1284 p. : |
| Other physical details |
ill. (chiefly col.) ; |
| Dimensions |
29 cm |
| 650 #0 - SUBJECT ADDED ENTRY--TOPICAL TERM |
| Topical Term |
Biology |
| 700 1# - ADDED ENTRY--PERSONAL NAME |
| Personal name |
Johnson, George B. |
| 942 ## - ADDED ENTRY ELEMENTS (KOHA) |
| Koha item type |
សៀវភៅភាសាអង់គ្លេស |
| 952 ## - LOCATION AND ITEM INFORMATION (KOHA) |
| Withdrawn status [LOCAL, KOHA] |
0 |